| 000 | 00944cam a2200265 a 4500 | ||
|---|---|---|---|
| 001 | 000004007 | ||
| 005 | 20200929150649.0 | ||
| 008 | 790507s1996 mx 001 0aspa | ||
| 020 | _a9682994934 | ||
| 040 |
_aDO-SdBNP _bspa _cBNPHU |
||
| 082 |
_a917.2 _bG799c |
||
| 100 | 1 |
_aGreene, Graham, _d1904-1991. _911990 |
|
| 240 | 1 | 4 |
_aThe lawless roads. _lEspañol |
| 245 | 1 | 0 |
_aCaminos sin ley / _cGraham Greene; traducción, Wilcock, J. R.; prólogo, Raúl Ortíz. |
| 260 |
_aMéxico : _bConsejo Nacional para la Cultura y las Artes, _c1996. |
||
| 300 |
_a255 p. ; _c21 cm. |
||
| 490 | 1 | _aMirada viajera | |
| 534 |
_aTítulo original: _tThe lawless roads. |
||
| 651 | 4 |
_aMéxico _xDescripciones Y Viajes _911991 |
|
| 610 | 2 | 4 |
_aIGLESIA CATÓLICA _zMÉXICO _911992 |
| 600 | 1 | 4 |
_aGREENE, GRAHAM, _d1904-1991 _xVIAJES _zMÉXICO _911993 |
| 700 | 1 |
_aWilcock, J. R. _etr. _911994 |
|
| 700 | 1 |
_aOrtiz, Raúl _epról. _911995 |
|
| 830 | 0 |
_aMirada viajera _911996 |
|
| 999 |
_c3826 _d3826 |
||